Kupido a Čas: poznámka k Bysově malbě v paláci Petra Straky z Nedabylic

Titel: Kupido a Čas: poznámka k Bysově malbě v paláci Petra Straky z Nedabylic
Verfasser:
In: Orbis artium, (2009), Seite 155-161
alle Artikel anzeigen
Veröffentlicht: 2009
Format: Aufsatz
Sprache: Tschechisch
Kein Bild verfügbar
X
alg: 39340696
001A    $01999:12-11-16 
001B    $01999:28-04-17 $t15:50:18.000 
001D    $01999:12-11-16 
001U    $0utf8 
001X    $00 
002@    $0Aox 
003@    $0393406962 
007A    $0393406962 $aHEB 
007T    $0Herdpp168199 
010@    $acze 
011@    $a2009 
021A    $aKupido a Čas: poznámka k Bysově malbě v paláci Petra Straky z Nedabylic 
028A    $aDobalová $dSylva 
031A    $h155-161 $j2009 
037A    $aRés. angl. s. 160: Cupido and the Time: More on Bys' Painting in the Palace of Petr Straka of Nedabylice 
039B    $aIn $8--Aau--. @Orbis artium. - Brno : Masarykova univerzita, 2009. - 846, [1] S.. - Ill. - ISBN 978-80-210-4972-7 $x200900000000000845 $9222799129 

lok: 39340696 78

exp: 39340696 78 1 #EPN
201B/01 $026-11-17 $t03:17:43.000 
201U/01 $0utf8 
203@/01 $078951740X 
208@/01 $a12-11-16 $be 
209A/01 $a/ $f000 $x00 
220C/01 $aHerkunft: Hú Av Čr Praha 
244Z/01 $#Tschechien $#Tschechische Republik $#Tschechische Republik $#Tschechenland $#Tschechei Tschechien $#Česká Republika $#Czech Republic $#ČR $74303381-7 $8--Tg1--Tschechien $x01 $9086659812 
244Z/01 $2Trx $#Böhmen $#Bohemia $#Czechy $8--Trx--Čechy $x02 $9391188941 
244Z/01 $2Trx $#Straka z Nedabylic, Jan Petr $#Straka z Nedabylic a Libčan, Jan Petr $8--Trx--Straka von Nedabylicz, Johann Peter$Z1645-1720 $x03 $9390911879 
244Z/01 $aByss Johann Rudolf 1662-1738 $x04 
244Z/01 $2Trx $#lossid ja paleed $#pilys ir rūmai $#Castles and palaces $#kastélyok és paloták $#zamki i pałace $#zámky a paláce $#zámky a paláce $#Paläste $#Architektur Schlösser $#pałace $#paláce $#paláce $8--Trx--Schlösser und Paläste $x05 $9391360531 
244Z/01 $2Trx $#seinamaalingud $#freskos $#wall painting $#falfestés $#malowidła ścienne $#maľby nástenné $#malby nástěnné $#Fresken $#freski $#fresky $#fresky $8--Trx--Wandmalerei $x06 $9391355325 
244Z/01 $aumění barokní $x07 
244Z/01 $2Trx $#maalrid $#dailininkai $#painters artists $#festö $#malarze artyści $#maliari $#malíři $8--Trx--Maler$gKünstler $x08 $9391383302 
244Z/01 $2Trx $#ikonograafia $#ikonografija $#Iconography $#ikonográfia $#ikonografia $#ikonografia $#ikonografie $#Bildkunde, historische $8--Trx--Ikonographie $x09 $9391355457 
244Z/01 $2Trx $8--Trx--Einzelbeiträge $x10 $9391384570 
247C/01 $82080>Marburg/Lahn, Herder-Institut, Forschungsbibliothek, Bibliographieportal $9336309341
LEADER 00000caa a22000002c 4500
001 393406962
003 DE-603
005 20170428155018.0
007 tu
008 161112s2009 xx |||| | u00||u|cze c
035 |a (DE-599)HEB393406962 
040 |a DE-603  |b ger  |c DE-603  |d DE-603 
041 |a cze 
100 1 |a Dobalová, Sylva 
245 0 0 |a Kupido a Čas: poznámka k Bysově malbě v paláci Petra Straky z Nedabylic 
264 0 |c 2009 
500 |a Rés. angl. s. 160: Cupido and the Time: More on Bys' Painting in the Palace of Petr Straka of Nedabylice 
773 0 8 |i In  |t Orbis artium  |d Brno : Masarykova univerzita, 2009  |h 846, [1] S., Ill  |z 9788021049727  |z 8021049723  |g (2009), Seite 155-161  |w (DE-603)222799129 
924 0 |9 2080  |a (DE-603)78951740X  |b DE-2080  |c HES  |d d  |g /